000 00976nam a2200265Ia 4500
008 130821s2006 xxua gr eng
020 _a849333032
040 _aCo-BoUCM
_bspa
041 0 0 _aeng
100 1 _aGeberth, Vernon J.
_9159670
245 1 0 _aPractical homicide investigation tactics, procedures, and forensic techniques
_cVernon J. Geberth.
250 _a4th ed.
260 _aBoca Ratón (Florida, Estados Unidos)
_bCRC/Taylor & Francis
_c2006
300 _alx, 999 páginas
_bilustraciones a color
490 0 _aCRC Series in Practical Aspects of Criminal and Forensic Investigations
504 _aIncluye referencias bibliográficas.
650 0 4 _aAsesinato
_99624
650 0 4 _aCiencias forenses
_910810
650 0 4 _aCriminología
_912152
650 0 4 _aDerecho penal
_912805
650 0 4 _aHomicidio
_917002
650 0 4 _aInvestigación criminal
_917980
942 _cLIBRO
_2DEWEY
_a8
_e4
_h363.25952
_mG293p
999 _c38288
_d38288